00742 2200253 4500001002100000005001700021008004100038035002400079082001200103090001900115100002300134245007500157260010700232300001900339650003100358700001400389850001200403980001500415985000600430999001500436990001100451990001300462990001300475YOGYA-0209000005070020090227032548.0 ind  0010-020900000050700 a899.221 a899.221bYas M aYASADIPURA I, R.Ng aMenak GandrungcR.Ng. Yasadipura I; alih bahasa dan aksara : Sumarsana aJakartabDepartemen Pendidikan dan Kebudayaan Proyek Penerbitan Buku Sastra Indonesia dan Daerahc1982 a163 hlmc21 cm aKesasteraan Jawa - tembang aSUMARSANA aYOPDYOG a03-01-2008 a1 aA000001851 a1851-A a357-PK/A a354-PK/A